000 00564nam a2200193Ia 4500
001 64496
008 210324n2018 ii |||gr||||Z||||||465
020 _a9789381287972
082 _a891.41182
100 _aKonwar.
245 0 _aJaimati-Godapani : Ek Amar Damptya Prem Gatha
_cBy Balin Kumar Konwar
_hTextual Documents
250 _aFirst.
260 _aGauhati
_bPapyrus; Books & beyond
_c2018
300 _a242pg:
_bpicture;
_c23cm.
653 _aAssamese
653 _aJaimati-Godapani : Ek Amar Damptya Prem Gatha
653 _aG-Assamese
942 _2ddc
_cBK
999 _c65596
_d65596